书目信息 |
| 题名: |
新城市艺术与城市规划元素
|
|
| 作者: | 兹伊贝壳 , 阿尔米尼亚纳 , 杜安伊 编著 ;隋荷 , 孙志刚 译 | |
| 分册: | ||
| 出版信息: | 大连 大连理工大学出版社 2008.03 |
|
| 页数: | 384页 | |
| 开本: | 31cm | |
| 丛书名: | 设计&视觉 | |
| 单 册: | ||
| 中图分类: | TU984 | |
| 科图分类: | ||
| 主题词: | 城市规划--cheng shi gui hua--研究 | |
| 电子资源: | ||
| ISBN: | 978-7-5611-3509-9 | |
| 000 | 01416nam 2200325 450 | |
| 001 | 012008500840 | |
| 005 | 20081010151227.46 | |
| 010 | @a978-7-5611-3509-9@b精装@dCNY320.00 | |
| 100 | @a20080901d2008 em y0chiy0120 ea | |
| 101 | 1 | @achi@ceng |
| 102 | @aCN@b210000 | |
| 105 | @aa a 001yy | |
| 200 | 1 | @a新城市艺术与城市规划元素@Axin cheng shi yi shu yu cheng shi gui hua yuan su@f(美) 安德鲁斯·杜安伊, 伊丽莎白·普拉特·兹伊贝壳, 罗伯特·阿尔米尼亚纳编著@g隋荷, 孙志刚译 |
| 210 | @a大连@c大连理工大学出版社@d2008.03 | |
| 215 | @a384页@c图 (部分彩图)@d31cm | |
| 225 | 2 | @a设计&视觉@Ashe ji&shi jue |
| 312 | @a英文并列题名取自封面 | |
| 320 | @a有书目 (第370-376页) 和索引 | |
| 330 | @a本书的编著者基于他们的实践经验,广博的知识和对城市改革的全身心投入,把形成美国城市主义的那些激发人灵感的图片和理念贡献出来。本书只涵盖了那些与现实情况密切相关的内容,只是收集了已经得到证实的设计项目的手册。 | |
| 410 | 0 | @12001 @a设计&视觉 |
| 500 | 10 | @aNew civic art elements of town palnning@mChinese |
| 606 | 0 | @a城市规划@Acheng shi gui hua@x研究 |
| 690 | @aTU984@v4 | |
| 701 | 1 | @a兹伊贝壳@Azi yi bei ke@g(Zyberk, Elizabeth Plater)@4编著 |
| 701 | 1 | @a阿尔米尼亚纳@Aa er mi ni ya na@g(Alminana, Robert)@4编著 |
| 701 | 1 | @a杜安伊@Adu an yi@g(Duany, Andres)@4编著 |
| 702 | 0 | @a隋荷@Asui he@4译 |
| 702 | 0 | @a孙志刚@Asun zhi gang@4译 |
| 801 | 0 | @aCN@bQSSK@c20081010 |
| 905 | @b734490@dTU984@eD808@f1 | |
| 新城市艺术与城市规划元素/(美) 安德鲁斯·杜安伊, 伊丽莎白·普拉特·兹伊贝壳, 罗伯特·阿尔米尼亚纳编著/隋荷, 孙志刚译.-大连:大连理工大学出版社,2008.03 |
| 384页:图 (部分彩图);31cm.-(设计&视觉) |
| ISBN 978-7-5611-3509-9(精装):CNY320.00 |
| 本书的编著者基于他们的实践经验,广博的知识和对城市改革的全身心投入,把形成美国城市主义的那些激发人灵感的图片和理念贡献出来。本书只涵盖了那些与现实情况密切相关的内容,只是收集了已经得到证实的设计项目的手册。 |
| ● |
| 相关链接 |
|
|
|
正题名:新城市艺术与城市规划元素
索取号:TU984/D808
 
预约/预借
| 序号 | 登录号 | 条形码 | 馆藏地/架位号 | 状态 | 备注 |
| 1 | 734490 | 207344907 | 建筑与城市规划学院资料室/201建筑库 62排6列2层/ [索取号:TU984/D808] | 在馆 | |
| 2 | 841715 | 208417159 | 建筑与城市规划学院资料室/201建筑库 62排6列2层/ [索取号:TU984/D808] | 在馆 |